| 000 | 00593nam a2200205Ia 4500 | ||
|---|---|---|---|
| 003 | GCL | ||
| 008 | 140319s9999 xx 000 0 ara d | ||
| 040 |
_aGCL / _cGCL |
||
| 082 | 0 | 4 |
_aط _b413.1 _bل ق |
| 100 | 1 | _aلبكى، لورديس | |
| 245 | 1 | 0 |
_aقاموس الصغار - بالصور والجمل والالوان / _cلبكى، لورديس |
| 700 | 1 | _aخضر الجواد | |
| 260 |
_a[S.N] : _bمكتبة لبنان |
||
| 300 | _a96 ص | ||
| 490 | _a | ||
| 650 | 0 | 4 | _aالاطفال |
| 650 | 0 | 4 | _aالمعاجم |
| 650 | 0 | 4 | _aالمعاجم العربية |
| 942 |
_2ddc _cBK |
||
| 999 |
_c32726 _d32726 |
||